Manejo de haras : problemas y soluciones /

Guardado en:
Autor Principal: Buide, Raúl
Formato: Libro
Publicado: Buenos Aires : Hemisferio sur, 1977
Edición:2a. ed.
Materias:
Etiquetas: Agregar Etiqueta
Sin Etiquetas, Sea el primero en etiquetar este registro!
LEADER 00894nam a22002295a 4500
001 CEM.cems017176
008 130507s1977##################000#0#####d
005 20211214180204.0
003 CEMS
245 1 0 |a Manejo de haras :  |b problemas y soluciones /  |c Raúl Buide 
250 |a 2a. ed. 
260 |a Buenos Aires :  |b Hemisferio sur,  |c 1977 
300 |a 716 p. 
505 0 |a Planteo del haras -- Control hormonal del desarrollo sexual -- El padrillo -- La yegua -- Los potrillos -- Futuras yeguas reproductoras a incorporar -- La cuida y la doma -- Los servicios -- Pediatría equina -- Enfermedades del equino -- Nutrición 
020 |a 9789505044924 
100 1 |a Buide, Raúl 
082 0 4 |a 636.1 
653 |a Caballos 
653 |a Equinos 
653 |a Haras 
859 |a CEMS  |b BIB. CEMS - Agricultura  |h 636.1  |i B868  |p A0902.09  |t Ej.1 
859 |a CEMS  |b BIB. CEMS - Agricultura  |h 636.1  |i B868  |p A7162.79  |t Ej.2